| 000 | 00966ata a2200361 4500 | ||
|---|---|---|---|
| 005 | 20251106151558.0 | ||
| 008 | 150701b1997 xxu||||| |||| 00| 0 spa d | ||
| 041 | _aESP | ||
| 082 | _a362.17 P223ad | ||
| 100 |
_aParás Ayala, Jorge _912470 |
||
| 100 |
_aEstrada Chapman, Gabriela _912471 |
||
| 245 | _aAdministración y productividad en el consultorio dental | ||
| 260 | _aMéxico | ||
| 260 | _bEdiciones Cuéllar | ||
| 260 | _c1997 | ||
| 300 | _a215 páginas | ||
| 490 | _aMecánica Dental | ||
| 650 | _aSERVICIOS DE BIENESTAR SOCIAL | ||
| 650 | _aADMINISTRACIÓN DE EMPRESAS | ||
| 650 | _aCONSULTORIO DENTAL | ||
| 650 | _aCOMUNICACIÓN EMPRESARIAL | ||
| 650 | _aMOTIVACIÓN | ||
| 650 | _aCALIDAD | ||
| 650 | _aLIDERAZGO | ||
| 650 | _aRECURSOS HUMANOS | ||
| 650 | _aCONTABILIDAD | ||
| 650 | _aMARKETING | ||
| 650 | _aMERCADOTECNIA | ||
| 650 | _aINVENTARIOS | ||
| 650 | _aHISTORIA CLÍNICA | ||
| 650 | _aÉTICA | ||
| 942 |
_cBK _2ddc |
||
| 999 |
_c1538 _d1538 |
||